| 000 | 005020000a22001810004500 | ||
|---|---|---|---|
| 020 | _a958-33-1980-5 | ||
| 041 | 0 | _aSPA | |
| 082 | 0 | 4 | _aG 261.873 S9329d |
| 100 | 1 | _aStucky, Pedro | |
| 245 | 1 | 0 | _aDerribando muros : Pasos bíblicos para la reconciliación / Pedro Stucky, Lina María Obando |
| 260 | _aBogotá, Colombia : Clara | ||
| 300 | _a92 Pag | ||
| 001 | 6981 | ||
| 942 | _cBK | ||
| 999 |
_c37222 _d37222 |
||
| 336 |
_atexto _btxt _2rdacontent |
||
| 337 |
_2rdamedia _asin mediación _bn |
||
| 338 |
_2rdacarrier _avolumen _bnc |
||